My dog is the best /

A little boy identifies what makes his dog so special.

Bibliographic Details
Main Author: Thompson, Laurie Ann
Other Authors: Schmid, Paul (Illustrator)
Format: Book
Language:English
Published: New York : Farrar Straus Giroux, [2015]
Edition:First edition.
Subjects:

MARC

Tag First Indicator Second Indicator Subfields
LEADER 00000cam a2200000 i 4500
001 in00003607089
005 20170928111427.0
008 131106t20152015nyua a 000 1 eng
010 |a  2013041347 
020 |a 9780374300517 (hardcover) 
020 |a 0374300518 (hardcover) 
035 |a (OCoLC)ocn862928646 
040 |a DLC  |e rda  |c DLC  |d UtOrBLW 
042 |a lcac 
049 |a TXAM 
050 0 0 |a PZ7.T371633  |b My 2015 
082 0 0 |a [E]  |2 23 
100 1 |a Thompson, Laurie Ann.  |0 http://id.loc.gov/authorities/names/n2013066488 
245 1 0 |a My dog is the best /  |c Laurie Ann Thompson ; pictures by Paul Schmid. 
250 |a First edition. 
264 1 |a New York :  |b Farrar Straus Giroux,  |c [2015] 
264 4 |c ©2015 
300 |a 1 volume (unpaged) :  |b color illustrations ;  |c 23 x 22 cm. 
336 |a text  |b txt  |2 rdacontent 
336 |a still image  |b sti  |2 rdacontent 
337 |a unmediated  |b n  |2 rdamedia 
338 |a volume  |b nc  |2 rdacarrier 
520 |a A little boy identifies what makes his dog so special. 
650 1 |a Dogs  |v Fiction. 
650 0 |a Dogs  |v Juvenile fiction.  |0 http://id.loc.gov/authorities/subjects/sh2008102357 
700 1 |a Schmid, Paul,  |e illustrator.  |0 http://id.loc.gov/authorities/names/n2009070161 
945 |a PromptCat  |b 487318 
946 |a curr 
947 |a A14843358533 
948 |a cataloged  |b h  |c 2016/2/5  |d c  |e dmitchel  |f 11:20:10 am 
994 |a 92  |b TXA 
999 f f |s 86a2f90f-e886-32d2-9b50-1bbc7daa7d45  |i 4f88e475-d446-3c51-9aef-401a1e3cf441  |t 0 
952 f f |p normal  |a Texas A&M University  |b College Station  |c Sterling C. Evans Library  |d Evans: Curriculum Collection (4th floor)  |t 0  |e PZ7.T371633 My 2015  |h Library of Congress classification  |i unmediated -- volume  |m A14843358533 
998 f f |a PZ7.T371633 My 2015  |t 0  |l Evans: Curriculum Collection (4th floor)